000 00404nam a2200145Ia 4500
008 220217s9999||||xx |||||||||||||| ||und||
020 _a9789332534452
082 _a658.403 8 BES
100 _aBesterfield, Dale H and others
245 0 _aTotal quality management
250 _a4th
260 _aPearson education of asia
_bNew Delhi
_c2015
300 _aXXI, 596p.
_b625
650 _aMANAGEMENT
999 _c186414
_d186414